Statistics for One-Off UEFA Champions League Winners

Click here to take the quiz!

General Stats

  • This quiz has been taken 151 times
  • The average score is 8 of 10

Answer Stats

WinsTeam% Correct
1Chelsea
93%
1Borussia Dortmund
89%
1Marseille
83%
1Celtic
82%
1Red Star Belgrade
82%
1Aston Villa
81%
1PSV Eindhoven
79%
1Steaua Bucuresti
77%
1Hamburg
75%
1Feyenoord
70%

Score Distribution

Percentile by Number Answered

Percent of People with Each Score

Your Score History

You have not taken this quiz